Socio-psychological effects of sterlization : A study of acceptors in rural Utta (Record no. 20475)

MARC details
000 -LEADER
fixed length control field 00320nam a2200121Ia 4500
082 ## - DEWEY DECIMAL CLASSIFICATION NUMBER
Classification number RR.004;
100 ## - MAIN ENTRY--AUTHOR NAME
Personal name Rastogi, S.R.
245 #0 - TITLE STATEMENT
Title Socio-psychological effects of sterlization : A study of acceptors in rural Utta
260 ## - PUBLICATION, DISTRIBUTION, ETC. (IMPRINT)
Year of publication 1983
300 ## - PHYSICAL DESCRIPTION
Number of Pages 73p.
942 ## - ADDED ENTRY ELEMENTS (KOHA)
Koha item type Books
Holdings
Withdrawn status Lost status Damaged status Not for loan Home library Current library Date acquired Bill Date Full call number Accession Number Price effective from Koha item type
        NASSDOC Library NASSDOC Library 08/10/2004 2004-10-22 RR.004; 19730 18/04/2019 Books